[Event "ECF Charity Marathon UKR"]
[Site "Chess.com INT"]
[Date "2022.04.03"]
[Round "?"]
[White "Hebden, Mark"]
[Black "Brett, Andrew"]
[Result "1-0"]
[WhiteElo "2448"]
[BlackElo "2085"]
[PlyCount "91"]
[EventDate "2022.04.02"]
[EventType "swiss (blitz)"]
[EventRounds "74"]
[EventCountry "USA"]
[SourceTitle "CBM 207 Extra"]
[Source "ChessBase"]
[SourceDate "2022.05.31"]
[SourceVersion "1"]
[SourceVersionDate "2022.05.31"]
[SourceQuality "1"]

1. e4 e5 2. Nf3 Nc6 3. Bb5 a6 4. Ba4 Nf6 5. 0-0 Be7 6. Re1 b5 7. Bb3 0-0 8. a4 b4 9. d4 d6 10. dxe5 Nxe5 11. Nxe5 dxe5 12. Qe2 Bc5 13. Nd2 Qe7 14. Nf3 h6 15. Be3 Bb7 16. Nd2 Rad8 17. f3 Nh5 18. g3 Qg5 19. Nf1 Nf4 20. Qc4 Bxe3+ 21. Rxe3 Nh3+ 22. Kh1 Kh8 23. Qxc7 Ba8 24. Rae1 f5 25. Qxe5 Rde8 26. Qc5 Rc8 27. Qa5 Qg6 28. Qxb4 fxe4 29. f4 Nf2+ 30. Kg2 Ng4 31. Qd2 Rfd8 32. Qe2 Nxe3+ 33. Nxe3 Qb6 34. Kf2 g5 35. f5 Rf8 36. g4 Qd6 37. Kg1 Qe5 38. c3 a5 39. Bc2 Rcd8 40. Rd1 Qf4 41. Rf1 Qe5 42. Qf2 Qc5 43. h4 Qc7 44. hxg5 hxg5 45. Qh2+ Kg7 46. Qxc7+ 1-0

[Event "ECF Charity Marathon UKR"]
[Site "Chess.com INT"]
[Date "2022.04.03"]
[Round "?"]
[White "Okike, David"]
[Black "Brett, Andrew"]
[Result "0-1"]
[WhiteElo "2157"]
[BlackElo "2085"]
[PlyCount "60"]
[EventDate "2022.04.02"]
[EventType "swiss (blitz)"]
[EventRounds "74"]
[EventCountry "USA"]
[SourceTitle "CBM 207 Extra"]
[Source "ChessBase"]
[SourceDate "2022.05.31"]
[SourceVersion "1"]
[SourceVersionDate "2022.05.31"]
[SourceQuality "1"]

1. e4 e5 2. Nf3 Nc6 3. Bc4 Nf6 4. d3 Bc5 5. c3 0-0 6. 0-0 d5 7. exd5 Nxd5 8. Bb5 Bg4 9. Nbd2 Nf4 10. Ne4 Be7 11. h3 Bh5 12. Ng3 Bg6 13. Bxc6 bxc6 14. Nxe5 Nxd3 15. Nxc6 Qd6 16. Nxe7+ Qxe7 17. b3 Qc5 18. Qc2 Rfe8 19. Kh2 h5 20. Be3 Qd6 21. Qd2 h4 22. Bf4 hxg3+ 23. Bxg3 Qc6 24. f4 Be4 25. f5 f6 26. c4 Rad8 27. Rg1 Bxf5 28. Raf1 Bg6 29. Rf3 Ne5 30. Qxd8 Nxf3+ 0-1

[Event "ECF Charity Marathon UKR"]
[Site "Chess.com INT"]
[Date "2022.04.02"]
[Round "?"]
[White "Arkell, Keith C"]
[Black "Brett, Andrew"]
[Result "1-0"]
[WhiteElo "2383"]
[BlackElo "2085"]
[PlyCount "47"]
[EventDate "2022.04.02"]
[EventType "swiss (blitz)"]
[EventRounds "74"]
[EventCountry "USA"]
[SourceTitle "CBM 207 Extra"]
[Source "ChessBase"]
[SourceDate "2022.05.31"]
[SourceVersion "1"]
[SourceVersionDate "2022.05.31"]
[SourceQuality "1"]

1. d4 Nf6 2. Nf3 g6 3. c4 Bg7 4. g3 0-0 5. Bg2 d5 6. cxd5 Nxd5 7. Nc3 c5 8. 0-0 cxd4 9. Nxd4 Nxc3 10. bxc3 Qa5 11. Qb3 Nc6 12. e3 Qc5 13. Ba3 Nxd4 14. cxd4 Qc7 15. Rfc1 Qd7 16. Rab1 Rb8 17. Qb5 Qxb5 18. Rxb5 Re8 19. Rc7 b6 20. Bc6 Rd8 21. Bxe7 Ba6 22. Bxd8 Bxb5 23. Bxb5 Rxd8 24. Rxa7 1-0

[Event "ECF Charity Marathon UKR"]
[Site "Chess.com INT"]
[Date "2022.04.02"]
[Round "?"]
[White "Brett, Andrew"]
[Black "Shearsby, Jude"]
[Result "0-1"]
[WhiteElo "2085"]
[BlackElo "1814"]
[PlyCount "92"]
[EventDate "2022.04.02"]
[EventType "swiss (blitz)"]
[EventRounds "74"]
[EventCountry "USA"]
[SourceTitle "CBM 207 Extra"]
[Source "ChessBase"]
[SourceDate "2022.05.31"]
[SourceVersion "1"]
[SourceVersionDate "2022.05.31"]
[SourceQuality "1"]

1. c4 g6 2. d4 Bg7 3. Nc3 d6 4. e4 Nf6 5. h3 0-0 6. Be3 e5 7. d5 a5 8. g4 h5 9. f3 Nh7 10. Qd2 Qh4+ 11. Bf2 Qg5 12. Be3 Qh4+ 13. Kd1 hxg4 14. Kc2 g3 15. Bg2 f5 16. Nge2 f4 17. Bg1 Ng5 18. Nb5 Na6 19. a3 Bd7 20. Nbc3 Kf7 21. Nb5 Bxb5 22. cxb5 Nb8 23. b6 cxb6 24. Bxb6 Nd7 25. Bg1 Rfc8+ 26. Kb3 Nc5+ 27. Ka2 a4 28. Bxc5 Rxc5 29. Nc3 b5 30. Qe2 Rb8 31. Rac1 Qh8 32. h4 Nh7 33. Bh3 Nf6 34. Be6+ Ke7 35. Nxa4 bxa4 36. Rxc5 dxc5 37. Qd2 Qd8 38. Rc1 Qd6 39. Qa5 Qb6 40. Qd2 Qb3+ 41. Ka1 Qxf3 42. Rxc5 g2 43. Rc7+ Ke8 44. Qc1 Qf1 45. Ka2 Qxc1 46. Rxc1 f3 0-1

[Event "ECF Charity Marathon UKR"]
[Site "Chess.com INT"]
[Date "2022.04.02"]
[Round "?"]
[White "Hebden, Mark"]
[Black "Brett, Andrew"]
[Result "1-0"]
[WhiteElo "2448"]
[BlackElo "2085"]
[PlyCount "65"]
[EventDate "2022.04.02"]
[EventType "swiss (blitz)"]
[EventRounds "74"]
[EventCountry "USA"]
[SourceTitle "CBM 207 Extra"]
[Source "ChessBase"]
[SourceDate "2022.05.31"]
[SourceVersion "1"]
[SourceVersionDate "2022.05.31"]
[SourceQuality "1"]

1. e4 e5 2. Nf3 Nc6 3. Bb5 a6 4. Ba4 Nf6 5. 0-0 Be7 6. Re1 b5 7. Bb3 0-0 8. a4 Rb8 9. axb5 axb5 10. d3 d5 11. exd5 Nxd5 12. h3 Nd4 13. Nxd4 exd4 14. Bxd5 Qxd5 15. Rxe7 Be6 16. Rxc7 Ra8 17. Rxa8 Rxa8 18. Nd2 Qd6 19. Rb7 Qa6 20. Qf3 Qa1 21. Nb3 Bxb3 22. cxb3 Qxc1+ 23. Kh2 Rf8 24. Rxb5 Qxb2 25. b4 Qb3 26. Rb7 f5 27. b5 Qe6 28. b6 h6 29. Qg3 g5 30. Qc7 Qg6 31. Rb8 g4 32. Rxf8+ Kxf8 33. b7 1-0

[Event "Checkmate Covid Rematch"]
[Site "Chess.com INT"]
[Date "2021.06.06"]
[Round "?"]
[White "Brett, Andrew"]
[Black "Alizada, Eldar"]
[Result "1-0"]
[WhiteElo "2085"]
[BlackElo "1922"]
[PlyCount "49"]
[EventDate "2021.06.05"]
[EventType "swiss (blitz)"]
[EventRounds "20"]
[EventCountry "ENG"]
[SourceTitle "CBM 202 Extra"]
[Source "ChessBase"]
[SourceDate "2021.07.31"]
[SourceVersion "1"]
[SourceVersionDate "2021.07.31"]
[SourceQuality "1"]

1. c4 e6 2. g3 Nf6 3. Bg2 d5 4. Nf3 Be7 5. 0-0 0-0 6. b3 b6 7. Bb2 Bb7 8. e3 c5 9. Qe2 Nc6 10. cxd5 exd5 11. d4 a5 12. Nc3 Qd7 13. Rfd1 Rfe8 14. Ne5 Qc7 15. Nb5 Qb8 16. Rac1 Nxe5 17. dxe5 Ne4 18. Bxe4 dxe4 19. Nd6 Bxd6 20. exd6 Rd8 21. d7 Qc7 22. Qg4 g6 23. Bf6 Rf8 24. Qg5 Qc6 25. d8Q 1-0

[Event "Checkmate Covid Rematch"]
[Site "Chess.com INT"]
[Date "2021.06.06"]
[Round "?"]
[White "Ghasi, Ameet K"]
[Black "Brett, Andrew"]
[Result "1-0"]
[WhiteElo "2485"]
[BlackElo "2085"]
[PlyCount "53"]
[EventDate "2021.06.05"]
[EventType "swiss (blitz)"]
[EventRounds "20"]
[EventCountry "ENG"]
[SourceTitle "CBM 202 Extra"]
[Source "ChessBase"]
[SourceDate "2021.07.31"]
[SourceVersion "1"]
[SourceVersionDate "2021.07.31"]
[SourceQuality "1"]

1. g3 e5 2. Bg2 Nc6 3. c4 d6 4. Nc3 g6 5. h4 h5 6. d3 Bg7 7. e3 Be6 8. Nf3 Bg4 9. Qb3 Rb8 10. Ng5 Nh6 11. 0-0 f6 12. Nge4 Be6 13. Nd5 0-0 14. Qc2 Ne7 15. b4 c6 16. Nxe7+ Qxe7 17. a4 Rbc8 18. Ba3 d5 19. b5 Qd7 20. Nc5 Qe8 21. Nxe6 Qxe6 22. Bxf8 Bxf8 23. cxd5 cxd5 24. Bxd5 Qxd5 25. Qxc8 Qf3 26. Qc4+ Kh7 27. Qe4 1-0